Suyu arayan adam / (Kayıt no. 2933)
[ düz görünüm ]
| 000 -BAŞLIK | |
|---|---|
| Sabit Uzunluktaki Kontrol Alanı | 00551nam a22001937a 4500 |
| 003 - KONTROL NUMARASI KİMLİĞİ | |
| Kontrol Alanı | KOHA_MİRAKIL |
| 005 - EN SON İŞLEM TARİHİ ve ZAMANI | |
| Kontrol Alanı | 20240930101032.0 |
| 008 - SABİT UZUNLUKTAKİ VERİ ÖGELERİ - GENEL BİLGİ | |
| Sabit Alan | 240929b1959 tu ||||| |||| 00| 0 tur d |
| 020 ## - ISBN - ULUSLARARASI STANDART KİTAP NUMARASI | |
| Isbn | 9789751403810 |
| 040 ## - KATALOGLAMA KAYNAĞI | |
| Özgün Kataloglama Kurumu | TR-AnABB |
| Kataloglama Dili | tur |
| Çeviri Kurumu | TR-AnABB |
| 041 ## - DİL KODU | |
| Metin ya da ses kaydının dil kodu | tur |
| 082 ## - DEWEY ONU SINIFLAMA SİSTEMİ | |
| Sınıflama Numarası | 813.42 |
| Cutter numarası | AYD 1959 |
| 100 ## - KİŞİ ADI | |
| Yazar Adı (Kişi adı) | Aydemir, Şevket Süreyya, |
| İsimle ilişkili tarihler | 1897-1976. |
| 245 #0 - ESER ADI BİLDİRİMİ | |
| Başlık | Suyu arayan adam / |
| Sorumluluk Bildirimi | Şevket Süreyya Aydemir. |
| 260 ## - YAYIN, DAĞITIM, VB. | |
| Yayın Yeri | Ankara : |
| Yayınevi | Öz Yayınları, |
| Yayın Tarihi | 1959. |
| 300 ## - FİZİKSEL TANIMLAMA | |
| Sayfa, Cilt vb. | 488 sayfa ; |
| Boyutları | 19 cm. |
| 650 ## - KONU BAŞLIĞI EK GİRİŞ - KONU TERİMİ | |
| Konusal terim veya coğrafi ad | Türk edebiyatı, roman |
| 942 ## - EK GİRİŞ ÖGELERİ (KOHA) | |
| Sınıflama Kaynağı | Dewey Decimal Classification |
| Materyal Türü | Kitap |
| Geri Çekilme Durumu | Kayıp Durumu | Sınıflandırma Kaynağı | Kredi için değil | Kalıcı Konum | Mevcut Konum | Kayıt Tarih | Edinim Kaynağı | Toplam Ödünçverme | Yer Numarası | Demirbaş Numarası | Son Görülme Tarihi | Fatura Tarihi | Materyal Türü |
|---|---|---|---|---|---|---|---|---|---|---|---|---|---|
| Dewey Decimal Classification | ODTÜ Çalışma İstasyonu | ODTÜ Çalışma İstasyonu | 29/09/2024 | 813.42 AYD 1959 | ABB109908 | 30/09/2024 | 30/09/2024 | Kitap |
